Statistics for 2018 NFL Draft

Click here to take the quiz!

General Stats

  • This quiz has been taken 1,206 times
  • The average score is 22 of 32

Answer Stats

Pick Team Position College Answer % Correct
1Cleveland BrownsQBOklahomaBaker Mayfield
99%
2New York GiantsRBPenn StateSaquon Barkley
98%
7Buffalo BillsQBWyomingJosh Allen
96%
3New York JetsQBUSCSam Darnold
96%
10Arizona CardinalsQBUCLAJosh Rosen
94%
32Baltimore RavensQBLouisvilleLamar Jackson
92%
5Denver BroncosDENC StateBradley Chubb
92%
4Cleveland BrownsCBOhio StateDenzel Ward
88%
31New England PatriotsRBGeorgiaSony Michel
83%
6Indianapolis ColtsOGNotre DameQuenton Nelson
81%
8Chicago BearsOLBGeorgiaRoquan Smith
81%
11Miami DolphinsSAlabamaMinkah Fitzpatrick
80%
26Atlanta FalconsWRAlabamaCalvin Ridley
80%
17Los Angeles ChargesSFlorida StateDerwin James
75%
12Tampa Bay BuccaneersDTWashingtonVita Vea
71%
24Carolina PanthersWRMarylandDJ Moore
70%
19Dallas CowboysILBBoise StateLeighton Vander Esch
70%
27Seattle SeahawksRBSan Diego StateRashaad Penny
68%
28Pittsburgh SteelersSVirginia TechTerrell Edmunds
65%
16Buffalo BillsOLBVirginia TechTremaine Edmunds
65%
18Green Bay PackersCBLouisvilleJaire Alexander
62%
25Baltimore RavensTESouth CarolinaHayden Hurst
61%
14New Orleans SaintsDEUTSAMarcus Davenport
58%
9San Francisco 49ersOTNotre DameMike McGlinchey
57%
13Washington RedskinsDTAlabamaDa'Ron Payne
51%
23New England PatriotsOGGeorgiaIsaiah Wynn
46%
15Oakland RaidersOTUCLAKolton Miller
45%
21Cincinnati BengalsCOhio StateBilly Price
42%
30Minnesota VikingsCBUCFMike Hughes
39%
20Detroit LionsCArkansasFrank Ragnow
39%
22Tennessee TitansILBAlabamaRashaan Evans
36%
29Jacksonville JaguarsDTFloridaTaven Bryan
33%

Score Distribution

Percentile by Number Answered

Percent of People with Each Score

Your Score History

You have not taken this quiz